Noah Kahan - All Songs - Statistics

General Stats
  • This quiz has been taken 38 times
  • The average score is 58 of 96
Answer Stats
Hint Answer % Correct
Stick Season
94%
Stick Season - Live From Fenway Park
94%
Maine
90%
Maine - Live From Fenway Park
90%
Stick Season Northern Attitude
87%
Northern Attitude - Live From Fenway Park
87%
Northern Attitude (with Hozier)
87%
Hurt Somebody
84%
Hurt Somebody Hurt Somebody (feat. Julia Michaels)
84%
Hurt Somebody (feat. Julia Michaels)
84%
Busyhead
81%
(Forever) Forever
81%
Orange Juice
81%
Orange Juice - Live From Fenway Park
81%
Strawberry Wine
81%
Dial Drunk
77%
Live From Fenway Park Dial Drunk - Live From Fenway Park
77%
Dial Drunk (with Post Malone)
77%
The View Between Villages
77%
The View Between Villages - Extended
77%
The View Between Villages - Live From Fenway Park
77%
Call Your Mom
74%
Call Your Mom (with Lizzy McAlpine)
74%
Carlo's Song
74%
Everywhere, Everything
74%
Everywhere, Everything (feat. Gracie Abrams)
74%
Everywhere, Everything (with Gracie Abrams)
74%
Halloween
71%
Homesick
71%
Homesick - Live From Fenway Park
71%
Homesick (with Sam Fender)
71%
New Perspective
71%
New Perspective - Live From Fenway Park
71%
Anyway
68%
Still
68%
All My Love
65%
All My Love - Live From Fenway Park
65%
Close Behind
65%
Come Over
65%
Glue Myself Shut
65%
Growing Sideways
65%
Growing Sideways - Live From Fenway Park
65%
Mess
65%
Mess - Live From Fenway Park
65%
No Complaints
65%
She Calls Me Back
65%
She Calls Me Back - Live From Fenway Park
65%
She Calls Me Back (with Kacey Musgrave)
65%
Tidal
65%
You're Gonna Go Far
65%
You're Gonna Go Far - Live From Fenway Park
65%
You're Gonna Go Far (with Brandi Carlisle)
65%
(We'll All Be Here Forever) Your Needs, My Needs
65%
Your Needs, My Needs - Live From Fenway Park
65%
Animal
61%
Cape Elizabeth A Troubled Mind
61%
Paul Revere
61%
Paul Revere - Live From Fenway Park
61%
Paul Revere (with Gregory Alan Isakov)
61%
Sink
61%
Young Blood
61%
Young Blood - Acoustic
61%
Caves
58%
Godlight
58%
Howling
58%
Passenger
58%
Cynic
55%
Busyhead False Confidence
55%
Hollow
55%
I Was / I Am Part of Me
55%
Someone Like You (feat. Joy Oladokun)
55%
Fear Of Water
52%
Pain Is Cold Water - Live From Fenway Park
52%
Please
52%
Save Me
48%
Bad Luck
45%
Bury Me
45%
Pride (with mxmtoon)
42%
Sarah's Place - Zach Bryan
42%
Catastrophise
39%
Cowboys Cry Too - Kelsey Ballerini
39%
Fine
35%
Fine - Acoustic
35%
Come Down
32%
Come Down - Acoustic
32%
Hallelujah
32%
Singles Hold It Down
32%
MEAN! - Madeline The Person
29%
We're All Gonna Die - Joy Oladokun
29%
If We Were Vampires (feat. Wesley Schultz)
26%
Crazier Things - Chelsea Cutler
23%
Up All Night - James Bay
19%
Need Your Love - Gryffin
16%
Tough - Quinn XCII
10%
Forever - Live From Fenway Park
6%
Collabs Pieces - Matoma
3%
No matching quizzes found
Score Distribution
Percent of People with Each Score
Percentile by Number Answered
Your Score History
You have not taken this quiz